000 00736nam a2200229Ia 4500
003 GCL
008 140319s9999 xx 000 0 ara d
040 _aGCL /
_cGCL
082 0 4 _a809
_bل ا
100 1 _aماهر جويجاتى
245 1 0 _aالادب المصري القديم /
_cماهر جويجاتى
700 1 _aطاهر عبدالحكيم
700 1 _aلالويت، كلير
260 _aالقاهرة :
_bدار الفكر للدراسات والنشر والتوزيع ،
_c1993
300 _a145 ص ؛
_c19 سم
490 _aكتاب الفكر
_v0
650 0 4 _aمصر
650 0 4 _aالادب
650 0 4 _aالادب المصرى القديم
650 0 4 _aالادب القديم
942 _2ddc
_cBK
999 _c54581
_d54581